<La> RFA, pivot de l'espace économique européen?
SRN - nízka pôrodnosť. Význam a sila nemeckej marky. Sociálne trhové hospodárstvo. Súťaživosť v nemeckom hospodárstve. Stane sa Európa oblasťou marky? Nemecký ekonomický, sociálny a ekologický model. Bývalá NDR sa stane akýmsi laboratóriom pre východnú Európu. (Dynasteurs, le mensuel des Echo, dec....
Uložené v:
| Hlavný autor: | |
|---|---|
| Médium: | Kapitola |
| Jazyk: | French |
| Predmet: | |
| Tagy: |
Žiadne tagy, Buďte prvý, kto otaguje tento záznam!
|
MARC
| LEADER | 00000naa a2200000 4500 | ||
|---|---|---|---|
| 001 | r008446 | ||
| 005 | 20220913124710.5 | ||
| 041 | 0 | |a fre | |
| 044 | |a FR | ||
| 245 | 1 | 0 | |a <La> RFA, pivot de l'espace économique européen? |c S. Gherardi |
| 520 | |a SRN - nízka pôrodnosť. Význam a sila nemeckej marky. Sociálne trhové hospodárstvo. Súťaživosť v nemeckom hospodárstve. Stane sa Európa oblasťou marky? Nemecký ekonomický, sociálny a ekologický model. Bývalá NDR sa stane akýmsi laboratóriom pre východnú Európu. (Dynasteurs, le mensuel des Echo, dec. 1991). | ||
| 610 | 2 | 0 | |a rozvoj hospodársky |
| 610 | 2 | 0 | |a Nemecko |
| 610 | 2 | 0 | |a Európa |
| 610 | 2 | 0 | |a marka |
| 610 | 2 | 0 | |a hospodárstvo trhové |
| 610 | 2 | 0 | |a pôrodnosť |
| 610 | 2 | 0 | |a politika sociálna |
| 100 | 1 | |a Gherardi, S. | |